000 00625nam a22001937a 4500
005 20251108170852.0
008 250721s1991 xx 000 0 ara d
082 1 4 _a210.461/محم
100 1 _aمحمد، أحمد رجب
245 1 0 _aالصيدلية المحمدية :
_bمحمد النبي الطيب صلى الله عليه و سلم /
264 1 _aالقاهرة :
_bدار الفضيلة،
_c1991.
300 _a142ص
650 1 7 _aالإسلام
650 1 7 _aالطب
650 1 7 _aالحديث الشريف
700 1 _aالبدري، أبو مصعب
_eتحقيق
942 _2ddc
_cBK
999 _c50922
_d50922